| 000 | 00526nam a2200181 4500 | ||
|---|---|---|---|
| 001 | 117666 | ||
| 003 | ES-MaACL | ||
| 005 | 20250407063114.0 | ||
| 007 | t| | ||
| 008 | 070214s1979 sp r ||||1| cat d | ||
| 100 | 1 |
_aPedrolo, Manuel de, _d1918-1991 _989937 |
|
| 245 | 1 | 2 |
_aL'ordenació dels maons _b: temps obert, 7 / _cManuel de Pedrolo. |
| 250 | _a[2ª ed.]. | ||
| 260 |
_aBarcelona : _bEdicions 62, _c1979. |
||
| 300 |
_a254 p. ; _c20 cm. |
||
| 852 |
_aES-MaACL _jA-10459 _bR.99720 |
||
| 999 |
_c117666 _d117666 |
||